=LDR 00000nam 2200000 4500 =001 INLIS000000000045624 =990 ##$$a 21421979 =005 20150206082000.0 =990 ##$$a 21421977 =006 =990 ##$$a 21421978 =007 =990 ##$$a 21421980 =008 =990 ##$$a 21421981 =020 ##$$a 978-610-856-9 =035 ##$$0010-021500000000184 =040 ##$$a NBPDMAT =082 ##$$a 530.076 =090 ##$$a 530.076 $b Al;i c =100 ##$$a Ali Ofid Chalid =245 ##$$a Cara win- win solution selesaiakn soal fisika SMP kelas 7,8 dan 9 / $c oleh Ali Ofid Chalid; penyunting Puji Lestarii =250 ##$$a Cet.1 =260 ##$$a Yogyakarta : $b Pustaka Widyatama, $c 2013 =300 ##$$a viii, 252 hlm. : $b ilus. ; $c 19 cm. =500 ##$$a Bibliografi : hlm 252 =650 ##$$a Fisika SMP Soal dsb =700 ##$$a Muji Lestari =850 ##$$a NBPDMAT =990 ##$$a 21421981 =990 ##$$a 21421977 =990 ##$$a 21421978 =990 ##$$a 21421980 =990 ##$$a 21421979